000 01378nam0a22003491 4500
001 rc\3921413
005 20250611023139.0
021 _aRU
_b[48-35530]
035 _a(NLR Aleph) 008026191
090 _a8792040
_c8792040
100 _a20130415d1948 |||y0rusy50 ca
101 1 _arus
_cfre
102 _aRU
105 _aa z |||c|
200 1 _aОт атома к атомной энергии
_eНауч.-попул. очерк
_eПер. с фр.
_f[Предисл. Ф. Жолио-Кюри, с. 7-9]
_gПод ред. Э. Бурштейна
210 _aМосква
_cИзд. и тип. Гос. изд-ва иностр. лит.
_d1948
215 _a210 с., 9 л. ил.
_cчерт.
_d20
300 _aНа доп. тит. л.: André Berthelot. De l'atome à l'énergie nucléaire. Paris, 1947
300 _aПеред загл. авт.: Андре Бертело
513 0 _aDe l'atome à l'énergie nucléaire
606 _aРадиоактивность
_2psbo
606 _aАтомное ядро
_xФизика
_2psbo
606 _aАтомная энергия
_2psbo
700 1 _aБертело
_bА.
_gАндре
702 1 _aБурштейн
_bЭ.
_4340
702 1 _aЖолио-Кюри
_bФ.
_4080
801 0 _aRU
_bNLR
_gpsbo
801 1 _aRU
_bELAR
_2rusmarc
852 _aNLR
_jФз02 Г-3/129
852 _aNLR
_jМБР-I-2459
942 _cBOOK
980 _aNB